00505 2200205 4500001002100000005001500021035002000036007000300056008004100059020001800100082001000118084001600128100001300144245003600157260003400193300002700227650001300254856001600267990001600283INLIS00000000000183920200108025310 a0010-0120000087ta200108 g 0 ind  a979-8990-21-8 a616.4 a616.4 SOE z0 aSoedarto1 aZoonosis kedokteran /cSoedarto aSurabaya. :bAirlangga,c2003 axi,210p. :bilus ;c21 aPenyakit aKeperawatan a00000005560